00339nam a2200109Ia 4500008004100000020001900041082001700060100001900077245009500096260002900191300000900220210430s9999 xx 000 0 und d a10-444-51518-6 a662 E 5668 E aPeter Politzer aEnergetic Materials Part 1. Decomposition,Crystal and Molecular PropertiescPeter Politzer aNew yorkbElsevierc2003 a465p